| 000 | 01528nam a2200397 c 4500 | ||
|---|---|---|---|
| 001 | BV043411559 | ||
| 003 | DE-604 | ||
| 005 | 20251127133740.0 | ||
| 007 | t| | ||
| 008 | 160226s2015 xx |||| |||| 00||| rus d | ||
| 020 |
_a9785768027025 _9978-5-7680-2702-5 |
||
| 035 | _a(OCoLC)951538387 | ||
| 035 | _a(DE-599)BVBBV043411559 | ||
| 040 |
_aDE-604 _bger _cRU-10907106 |
||
| 041 | 0 | _arus | |
| 049 | _aDE-12 | ||
| 100 | 1 |
_aKagazežev, Žiraslan Valerʹevič _eVerfasser _0(DE-588)1079878289 _4aut _967775 |
|
| 245 | 1 | 0 |
_aIz ėtničeskoj i političeskoj istorii srednevekovoj Čerkessii _b(XIV-pervaja polovina XVII v.) _cŽ.V. Kagazežev |
| 264 | 1 |
_aNalʹčik _b"Elʹbrus" _c2015 |
|
| 264 | 1 | _aNalʹčik | |
| 264 | 1 | _bArchivnaja služba Kabardino-Balkarskoj Respubliki | |
| 264 | 1 | _c2015 | |
| 300 |
_a459 Seiten, 16 ungezählte Seiten Karten _bKarten |
||
| 336 |
_btxt _2rdacontent _aText |
||
| 337 |
_bn _2rdamedia |
||
| 338 |
_bnc _2rdacarrier |
||
| 546 | _aText russisch | ||
| 546 | _bKyrillische Schrift | ||
| 648 | 7 |
_aGeschichte 1300-1650 _2gnd _9rswk-swf |
|
| 650 | 0 | 7 |
_aTscherkessen _0(DE-588)4061098-6 _2gnd _9rswk-swf |
| 856 | 4 |
_mDigitalisierung BSB Muenchen 19 - ADAM Catalogue Enrichment _uhttps://bvbr.bib-bvb.de:443/F?func=service&doc_library=BVB01&local_base=BVB01&doc_number=028829805&sequence=000002&line_number=0001&func_code=DB_RECORDS&service_type=MEDIA _zInhaltsverzeichnis |
|
| 940 | 1 | _noe | |
| 942 | 1 | 1 |
_cMG _e22/bsb _2z |
| 999 |
_c73267 _d73267 |
||